| 000 | 00664cam a2200205 4500 | ||
|---|---|---|---|
| 001 | WB3603-25 | ||
| 008 | 000000n2000 000 0 eng u | ||
| 035 | _a(Sirsi) u103707 | ||
| 245 | _aEstate agent's £88,000 swindle | ||
| 260 | _c2000 | ||
| 490 |
_aTimes _v20 January 2000, 3(1) |
||
| 520 | _aAn estate agent has been ordered to pay £88,000 compensation, by Winchester CC, to a woman whose seafront flat in Poole was sold on the same day for 50% more than she received for it. | ||
| 590 | _aWB | ||
| 650 | _aESTATE AGENT | ||
| 650 | _aNEGLIGENCE | ||
| 650 | 0 | _aKENNISH | |
| 650 | _aWOOD | ||
| 690 | _aPROFESSIONAL PRACTICE-NEGLIGENCE | ||
| 942 | _n0 | ||
| 999 |
_c62279 _d62279 |
||